Competencies Developed Among Grade 10 Students in Solving Mathematics Problems/ (Record no. 79892)
[ view plain ]
| 000 -LEADER | |
|---|---|
| fixed length control field | 02674nam a22002537a 4500 |
| 003 - CONTROL NUMBER IDENTIFIER | |
| control field | URS |
| 005 - DATE AND TIME OF LATEST TRANSACTION | |
| control field | 20240511003903.0 |
| 008 - FIXED-LENGTH DATA ELEMENTS--GENERAL INFORMATION | |
| fixed length control field | 240511b |||||||| |||| 00| 0 eng d |
| 050 00 - LIBRARY OF CONGRESS CALL NUMBER | |
| Classification number | LG 221.R59. C1116 |
| Item number | 2018 |
| 100 1# - MAIN ENTRY--PERSONAL NAME | |
| Personal name | Barrette,Karen A. |
| Relator term | Researcher |
| 245 10 - TITLE STATEMENT | |
| Title | <a href="Competencies Developed Among Grade 10 Students in Solving Mathematics Problems/">Competencies Developed Among Grade 10 Students in Solving Mathematics Problems/</a> |
| Statement of responsibility, etc | Barrette,Karen A.; Cuerque, Mark Wendell G. [and] Manzano, Mark Kevin G. |
| 260 #1 - PUBLICATION, DISTRIBUTION, ETC. (IMPRINT) | |
| Date of publication, distribution, etc | 2018 |
| 300 ## - PHYSICAL DESCRIPTION | |
| Extent | xi, 74 leaves, |
| Other physical details | illustration |
| Dimensions | 28cm |
| 336 ## - CONTENT TYPE | |
| Source | rdacontent |
| Content type term | text |
| 337 ## - MEDIA TYPE | |
| Source | rdamedia |
| Media type term | unmediated |
| 338 ## - CARRIER TYPE | |
| Source | rdacarrier |
| Carrier type term | volume |
| 502 ## - DISSERTATION NOTE | |
| Dissertation note | Undergraduate Thesis |
| Degree type | Bachelor of Secondary Education Major in Mathematics<br/> |
| Name of granting institution | University of Rizal System, Rodriguez, Rizal<br/> |
| Year degree granted | 2018 |
| 520 ## - SUMMARY, ETC. | |
| Summary, etc | This study aimed to observe and find out the competencies developed in solving Mathematical problems of the selected Grade 10 students in South Ville 8C National High School. The respondents were composed of 15 students from three different sections that were observed in this study<br/><br/>The researchers used observation checklist which is a design of descriptive- qualitative method of research<br/>Based on the specific problems given and on the analysis of data gathered, the following were obtained<br/><br/>In terms of competencies developed in solving mathematical problems, most of the students can identify the problem and find the given with an ease. However, they find it difficult in sketching/illustrating/visualizing, applying the formula and finding the answer Eventually, most of the students do not come up with the correct answer<br/><br/>Most of the respondents encountered some problems like recalling of the formulas, applying the fundamental operations, and simplifying the final answer<br/><br/>To avoid committing mistakes and experiencing these difficulties in solving Mathematical problems, researchers suggested that the use of symbolization for the different operations and rules could make it much easier for the respondents to memorize the formulas. Always remember the rules in Adding and Subtracting Integers, and the Laws of Exponent. Although these are all basics in solving Mathematical problems, somehow the respondents forgot all of these when they are applying the formula. Mastery of skills in solving word problems should also be focused on. Exposure of the students to the different word problems will also help them to improve their selves and developed their different skills very well.<br/> |
| 650 ## - SUBJECT ADDED ENTRY--TOPICAL TERM | |
| Source of heading or term | Mathematical Problems |
| 700 ## - ADDED ENTRY--PERSONAL NAME | |
| Personal name | Cuerque, Mark Wendell G. |
| Relator term | Researcher |
| 700 ## - ADDED ENTRY--PERSONAL NAME | |
| Personal name | Manzano, Mark Kevin G. |
| Relator term | Researcher |
| 700 ## - ADDED ENTRY--PERSONAL NAME | |
| Personal name | Llarenas, Emmanuel M, |
| Relator term | Adviser |
| 942 ## - ADDED ENTRY ELEMENTS (KOHA) | |
| Source of classification or shelving scheme | Library of Congress Classification |
| Koha item type | Theses and dissertations |
| Withdrawn status | Source of classification or shelving scheme | Damaged status | Not for loan | Home library | Current library | Shelving location | Date acquired | Total Checkouts | Full call number | Barcode | Date last seen | Copy number | Price effective from | Koha item type |
|---|---|---|---|---|---|---|---|---|---|---|---|---|---|---|
| Library of Congress Classification | Not For Loan | Rodriguez College Library | Rodriguez College Library | Undergraduate Theses | 05/10/2024 | LG 221.R59. C1116 2018 | URSROD-UGT-MATH-0748 | 05/11/2024 | c1 | 05/11/2024 | Theses and dissertations |